| 000 | 00501pab a2200169 454500 | ||
|---|---|---|---|
| 008 | 180718b2003 xxu||||| |||| 00| 0 eng d | ||
| 100 | _aMeaklim, Tim | ||
| 245 | _aA model of costs and benefits of training in the police service of Northern Ireland | ||
| 260 | _c2003 | ||
| 300 | _ap.30-44. | ||
| 650 | _aCost benefit analysis - Northern Ireland | ||
| 650 | _aTraining - Northern Ireland | ||
| 650 | _aPolice - Northern Ireland | ||
| 650 | _aPolice | ||
| 773 | _aPolice Journal | ||
| 909 | _a56460 | ||
| 999 |
_c56460 _d56460 |
||